The Legend of Zelda: Les espèces de la licence - Statistiques

Statistiques générales
  • Ce quiz a été pris 266 fois
  • Le résultat moyen est 13 sur 24
Statistiques - réponses
Indice Réponse % Correct
Race récurrente de la licence personnage notable: Darunia, Daruk, Biggoron, Darmani Goron
99%
Race récurrente de la licencepersonnage notable: Urbosa, Nabooru, Ganondorf Gerudo
96%
Race récurrente de la licence personnage notable: Link, Zelda Hylien
95%
Race récurrente de la licence personnage notable: Ruto, Mipha, Lars, Sidon Zora
94%
Race apparaissant dans plusieurs jeuxpersonnage notable: Medolie, Revali, Scaff Piaf
91%
Race récurrente de la licence personnage notable: Navi, Tael, Ciela Fée
88%
Race apparaissant dans plusieurs jeux personnage notable: Dumoria, Noïa Korogu
84%
Race apparaissant dans Ocarina of Time et Wind Wakerpersonnage notable: Saria, Mido, Fado Kokiri
81%
Race récurrente de la licence personnage notable: Impa, Sheik, Bongo Bongo Sheikah
66%
Race récurrente de la licence personnage notable: Iria, Mrs. Mary, Marine, Humain
62%
Race apparaissant dans The Minish CapPersonnage notable: Exelo, Vaati, Genta Minish
52%
Race apparaissant dans Twilight PrincessPersonnage notable: Yéti et Matornia Yeti
52%
Race récurrente de la licence personnage notable: Morcego, Mallard, Avatar du Néant Démon
51%
Race apparaissant dans Twilight Princesspersonnage notable: Baba, Baba junior Celestien
48%
Race récurrente de la licence personnage notable: la princesse, le roi et la majordome de la race Peste mojo
44%
Race apparaissant dans Skyward Sword Personnage notable: Brunzo, Cobal, Aurélio Mogma
28%
Race apparaissant dans Twilight Princess Personnage notable: Midona et Xanto Twilis
22%
Race apparaissant dans Spirit TracksPersonnage notable: Dame Bicelle, Traucmahr, Locomo
20%
Race apparaissant dans Skyward Sword Personnage notable: Raduse Paraduse
20%
Race apparaissant dans plusieurs jeuxPersonnage notable: Antagoniste de Majora's Mask Skull kids
18%
Race apparaissant dans Skyward Sword Personnage notable: DL-301-Y Ycéo, DL-301-R Récupix Robot Antique
15%
Race apparaissant dans Spirit Tracks et Phantom HourglassPersonnage notable: Dirlo Skimo
14%
Race apparaissant dans Skyward SwordPersonnage notable: L'Ermite, Pirsel Tiwki
10%
Race apparaissant dans Phantom Hourglasspersonnage notable: Mutoh, Gary Kayas
8%
Aucun quiz correspondant
Distribution des résultats
% des personnes avec chaque résultat
Percentile par nombre de réponses
Votre historique - résultats
Vous n’avez pas pris ce quiz